| 000 | 00799nam a22002297a 4500 | ||
|---|---|---|---|
| 005 | 20150323112717.0 | ||
| 010 | _aENG-112216 | ||
| 020 |
_a9789350354407 _c1150.00 |
||
| 035 | _aEN-95748 | ||
| 037 | _bDBAD/PUB | ||
| 082 | _a347.9954 | ||
| 100 | _aMalik, B. | ||
| 245 |
_aThe art of a lawyer : _bcross examination, advocacy, courtmanship / _cby B.Malik ; foreworded by M. Hidayatullah |
||
| 250 | _a11th ed with commentary on the art of cross examination by M. Monir | ||
| 260 |
_aDelhi _bUniversal Law Publishing _c2014 |
||
| 270 |
_aA-58, G.T. Karnal Road Industrial Area, _bDelhi _e110033 |
||
| 300 |
_axv,1018p. _c25cm(Hb) |
||
| 500 | _aIncludes index | ||
| 650 |
_a Trial practice _zIndia. |
||
| 650 |
_a Practice of law _zIndia. |
||
| 942 |
_2ddc _cEN _mMAL _h347.9954 |
||
| 999 |
_c91689 _d91689 |
||